[Event "Miedzyzdroje OB Seniors 24th"]
[Site "Miedzyzdroje"]
[Date "2016.06.24"]
[Round "8"]
[White "Piotrowski, Roger"]
[Black "Dorosz, Mieczyslaw"]
[Result "1/2-1/2"]
[WhiteElo "1798"]
[BlackElo "1520"]
[PlyCount "88"]
[EventDate "2016.06.17"]
[EventType "swiss"]
[EventRounds "9"]
[EventCountry "POL"]
[SourceTitle "EXT 2019"]
[Source "ChessBase"]
[SourceDate "2018.10.10"]
[SourceVersion "1"]
[SourceVersionDate "2018.10.10"]
[SourceQuality "1"]

1. d4 d5 2. c4 e6 3. Nc3 Nf6 4. Bg5 Nbd7 5. Nf3 c6 6. e3 Be7 7. Be2 h6 8. Bh4 Nh7 9. Bxe7 Qxe7 10. cxd5 exd5 11. 0-0 0-0 12. Qc2 Nhf6 13. Rab1 Re8 14. b4 a6 15. a4 Ne4 16. b5 axb5 17. axb5 Ndf6 18. bxc6 bxc6 19. Ne5 Bd7 20. Nxe4 Nxe4 21. Rb7 Nf6 22. Nxc6 Qd6 23. Ne5 Rac8 24. Qb3 Rb8 25. Rb1 Rxb7 26. Qxb7 Be6 27. Rb6 Qe7 28. Bb5 Qxb7 29. Rxb7 Ra8 30. h3 g6 31. Bd3 Rd8 32. Kf1 Nd7 33. Nc6 Re8 34. Ke2 Kg7 35. Nb4 Rb8 36. Rxb8 Nxb8 37. Bb5 Kf6 38. f3 Ke7 39. e4 dxe4 40. fxe4 f6 41. Ke3 g5 42. e5 Bd7 43. Nc6+ Bxc6 44. Bxc6 Nxc6 1/2-1/2

[Event "Miedzyzdroje OB Seniors 24th"]
[Site "Miedzyzdroje"]
[Date "2016.06.20"]
[Round "4"]
[White "Norris, Ray"]
[Black "Piotrowski, Roger"]
[Result "1/2-1/2"]
[WhiteElo "1692"]
[BlackElo "1798"]
[PlyCount "41"]
[EventDate "2016.06.17"]
[EventType "swiss"]
[EventRounds "9"]
[EventCountry "POL"]
[SourceTitle "EXT 2019"]
[Source "ChessBase"]
[SourceDate "2018.10.10"]
[SourceVersion "1"]
[SourceVersionDate "2018.10.10"]
[SourceQuality "1"]

1. Nf3 Nf6 2. g3 d5 3. Bg2 c6 4. 0-0 g6 5. d4 Bg7 6. c3 Nbd7 7. Re1 0-0 8. Nbd2 Re8 9. e4 dxe4 10. Nxe4 Nxe4 11. Rxe4 Nf6 12. Re1 Bf5 13. Qb3 Qb6 14. Qxb6 axb6 15. Ne5 Nd5 16. a3 b5 17. f4 b4 18. c4 Nb6 19. Nxc6 bxc6 20. Bxc6 Bxd4+ 21. Be3 1/2-1/2

[Event "Miedzyzdroje OB Seniors 24th"]
[Site "Miedzyzdroje"]
[Date "2016.06.18"]
[Round "2"]
[White "Piotrowski, Roger"]
[Black "Komysheva, Margarita"]
[Result "0-1"]
[WhiteElo "1798"]
[BlackElo "2017"]
[PlyCount "81"]
[EventDate "2016.06.17"]
[EventType "swiss"]
[EventRounds "9"]
[EventCountry "POL"]
[SourceTitle "EXT 2019"]
[Source "ChessBase"]
[SourceDate "2018.10.10"]
[SourceVersion "1"]
[SourceVersionDate "2018.10.10"]
[SourceQuality "1"]

1. d4 c5 2. Nf3 cxd4 3. Nxd4 Nf6 4. e3 Nc6 5. c3 d5 6. Bb5 Bd7 7. Qa4 Qc7 8. 0-0 e6 9. Nf3 Be7 10. Qc2 0-0 11. Bd3 Rfc8 12. Qe2 a6 13. Nbd2 b5 14. Nd4 Ne5 15. Bc2 Neg4 16. N2f3 Bd6 17. g3 Ne5 18. Nxe5 Bxe5 19. f4 Bd6 20. g4 e5 21. Nf5 exf4 22. exf4 Bc5+ 23. Be3 Re8 24. b4 Ba7 25. Rf3 Nxg4 26. Qd3 Bxe3+ 27. Nxe3 g6 28. Nxd5 Qa7+ 29. Qd4 Qxd4+ 30. cxd4 Bc6 31. Bb3 Rad8 32. Rg3 Bxd5 33. Rxg4 Re4 34. Bxd5 Rxd5 35. Rd1 Rdxd4 36. Rxd4 Rxd4 37. h3 Rd3 38. f5 Kg7 39. fxg6 fxg6 40. Re4 Rxh3 41. Re6 0-1

[Event "GER-chT Betriebe 15th"]
[Site "Munich"]
[Date "2015.10.22"]
[Round "2.1"]
[White "Koscielski, Janusch"]
[Black "Piotrowski, Roger"]
[Result "1-0"]
[WhiteElo "2376"]
[BlackElo "1734"]
[PlyCount "29"]
[EventDate "2015.10.22"]
[EventType "team-swiss"]
[EventRounds "7"]
[EventCountry "GER"]
[SourceTitle "EXT 2020"]
[Source "ChessBase"]
[SourceDate "2019.10.17"]
[SourceVersion "1"]
[SourceVersionDate "2019.10.17"]
[SourceQuality "1"]
[WhiteTeam "Herne Wanne Eickel EKJ"]
[BlackTeam "Berlin Telestern"]
[WhiteTeamCountry "GER"]
[BlackTeamCountry "GER"]

1. e4 c5 2. Nf3 Nc6 3. d4 cxd4 4. Nxd4 Nf6 5. Nc3 g6 6. Nxc6 bxc6 7. e5 Nh5 8. Be2 Ng7 9. 0-0 d5 10. exd6 exd6 11. Bf3 Bd7 12. Qd4 Rg8 13. Ne4 Nf5 14. Nf6+ Ke7 15. Nxg8+ 1-0